Ajánlás Kelet kapujából
Elmentve itt :
| Szerző: | |
|---|---|
| Adatforrás: | Meister |
| Forrásdokumentuma: | Antropológiai Műhely. - 3 sz., 1993, 3-5 p. |
| Nyelv: | magyar |
| Kulcsszavak: | művelődéstörténet társadalomtudomány antropológia Románia MIHAILESCU Vintil GUSTI Dimitrie STAHL Henri H. |
| LEADER | 00529nab a2200193 i 4500 | ||
|---|---|---|---|
| 001 | bibPRO00010356 | ||
| 008 | 060524s1993 xx hun | ||
| 040 | |a Sz1 | ||
| 041 | |a hun | ||
| 100 | 1 | |a ROSTÁS Zoltán | |
| 245 | 1 | 0 | |a Ajánlás Kelet kapujából |c ROSTÁS Zoltán |
| 695 | |a művelődéstörténet | ||
| 695 | |a társadalomtudomány | ||
| 695 | |a antropológia | ||
| 695 | |a Románia | ||
| 695 | |a MIHAILESCU Vintil | ||
| 695 | |a GUSTI Dimitrie | ||
| 695 | |a STAHL Henri H. | ||
| 773 | 0 | |t Antropológiai Műhely. - |g 3 sz., 1993, 3-5 p. | |